All Pro First Team 2017 - Statistics

General Stats
  • This quiz has been taken 91 times
  • The average score is 20 of 28
Answer Stats
Position Player Team % Correct
WR Antonio Brown Steelers
100%
TE Rob Gronkowski Patriots
100%
QB Tom Brady Patriots
100%
RB Todd Gurley II Rams
97%
WR DeAndre Hopkins Texans
92%
DT Aaron Donald Rams
91%
Flex Le'Veon Bell Steelers
91%
LB Bobby Wagner Seahawks
85%
CB Jalen Ramsey Jaguars
85%
LB Luke Kuechly Panthers
85%
C Jason Kelce Eagles
82%
DE Calais Campbell Jaguars
77%
DE Cameron Jordan Saints
77%
RT Lane Johnson Eagles
76%
DT Cameron Heyward Steelers
74%
CB Xavier Rhodes Vikings
71%
LB Chandler Jones Cardinals
70%
ST Harrison Smith Vikings
70%
LT Andrew Whitworth Rams
67%
DB Darius Slay Lions
64%
P Johnny Hekker Rams
56%
RG David DeCastro Steelers
52%
ST Kevin Byard Titans
45%
K Greg Zuerlein Rams
44%
KR Pharoh Cooper Rams
32%
LG Andrew Norwell Panthers
29%
ST Budda Baker Cardinals
29%
PR Jamal Agnew Lions
18%
No matching quizzes found
Score Distribution
Percent of People with Each Score
Percentile by Number Answered
Your Score History
You have not taken this quiz